Abstracts (Record no. 9014)
[ view plain ]
| 000 -CABECERA | |
|---|---|
| campo de control de longitud fija | 00945nam a2200265 a 4500 |
| 001 - NÚMERO DE CONTROL | |
| campo de control | BRL_201 |
| 005 - FECHA Y HORA DE LA ÚLTIMA TRANSACCIÓN | |
| campo de control | 20190320210630.0 |
| 008 - DATOS DE LONGITUD FIJA--INFORMACIÓN GENERAL | |
| campo de control de longitud fija | 131212s1982----enk#######---#000-0#eng-# |
| 020 ## - NÚMERO INTERNACIONAL ESTÁNDAR DEL LIBRO | |
| Número Internacional Estándar del Libro | 0950826502 |
| 041 ## - CÓDIGO DE LENGUA | |
| Código de lengua del texto/banda sonora o título independiente | eng |
| 044 ## - CÓDIGO DEL PAÍS DE LA ENTIDAD EDITORA/PRODUCTORA | |
| Código MARC del país | enk |
| 050 #4 - SIGNATURA TOPOGRÁFICA DE LA BIBLIOTECA DEL CONGRESO | |
| Número de clasificación | E51.5 |
| Número de documento/Ítem | .A27 1982 |
| 111 2# - ENTRADA PRINCIPAL--NOMBRE DE CONGRESO/REUNIÓN | |
| Nombre de congreso/reunión o jurisdicción como elemento de entrada | International Congress of Americanists |
| Número del congreso/reunión o número de parte o sección | (44° |
| Fecha del congreso/reunión | 1982 |
| Sede del congreso/Lugar de la reunión | Manchester) |
| 9 (RLIN) | 23206 |
| 245 10 - MENCIÓN DE TÍTULO | |
| Título | Abstracts |
| Resto del título | 44th congress of Americanist = Resumenes : 44º Congreso Internacional de Americanistas. |
| 260 ## - PUBLICACIÓN, DISTRIBUCIÓN, ETC. | |
| Lugar de publicación, distribución, etc. | Inglaterra |
| Nombre del editor, distribuidor, etc. | Manchester University |
| Fecha de publicación, distribución, etc. | 1982 |
| 300 ## - DESCRIPCIÓN FÍSICA | |
| Extensión | 552 p. |
| Dimensiones | 24 cm. |
| 500 ## - NOTA GENERAL | |
| Nota general | Incluye índice de autores |
| 500 ## - NOTA GENERAL | |
| Nota general | Au220 |
| 611 24 - PUNTO DE ACCESO ADICIONAL DE MATERIA--NOMBRE DE REUNIÓN/CONGRESO | |
| Nombre de congreso/reunión o jurisdicción como elemento de entrada | 44º Congreso Internacional de Americanistas |
| Sede del congreso/Lugar de la reunión | Manchester (Inglaterra) |
| Subdivisión de forma | Resúmenes |
| 9 (RLIN) | 23207 |
| 650 14 - PUNTO DE ACCESO ADICIONAL DE MATERIA--TÉRMINO DE MATERIA | |
| Término de materia o nombre geográfico como elemento de entrada | Etnología |
| Subdivisión de forma | Congresos |
| Subdivisión geográfica | América |
| 9 (RLIN) | 23208 |
| 651 #4 - PUNTO DE ACCESO ADICIONAL DE MATERIA--NOMBRE GEOGRÁFICO | |
| Nombre geográfico | América |
| Subdivisión de forma | Congresos |
| Subdivisión general | Civilización |
| 9 (RLIN) | 23209 |
| 740 0# - PUNTO DE ACCESO ADICIONAL--TÍTULO RELACIONADO O ANALÍTICO NO CONTROLADO | |
| Título relacionado o analítico no controlado | Resumenes : 44º Congreso Internacional de Americanistas |
| 902 ## - CATALOGADOR | |
| Iniciales | GRL |
| 942 ## - ELEMENTOS DE PUNTO DE ACCESO ADICIONAL (KOHA) | |
| Fuente del sistema de clasificación o colocación | Library of Congress Classification |
| Tipo de ítem Koha | Libros |
| Estado de retiro | Estado de pérdida | Estado dañado | No para préstamo | Localización permanente | Ubicación/localización actual | Fecha de adquisición | Número de inventario | Total de préstamos | Signatura topográfica completa | Código de barras | Fecha visto por última vez | Precio válido a partir de | Tipo de ítem Koha |
|---|---|---|---|---|---|---|---|---|---|---|---|---|---|
| El ejemplar forma parte de la colección y puede ser consultado según las políticas vigentes. | Biblioteca Centro de Estudios Ruth D. Lechuga | Biblioteca Centro de Estudios Ruth D. Lechuga | 13/12/2012 | Au220 | E51.5 .A27 1982 (Au220) | GRL00215 | 22/03/2019 | 22/03/2019 | Libros |